| 000 | 00804nam a22002657a 4500 | ||
|---|---|---|---|
| 001 | 110811 | ||
| 003 | UA-OsUOA | ||
| 005 | 20210721105111.0 | ||
| 007 | ta | ||
| 008 | 20150408b un ||||| |||| 00| 0 ukr d | ||
| 020 | _a9789662254792 | ||
| 040 |
_aUA-OsUOA _bukr _cUA-OsUOA _dUA-OsUOA |
||
| 041 | _aukr | ||
| 044 | _aCA | ||
| 080 | _a94(477).152 | ||
| 090 |
_a94(477).152 _bЗ12 |
||
| 245 |
_aЗахідноканадський збірник _cза ред. В. Полковського, М. Сороки _nЧ. 7 |
||
| 260 |
_aЕдмонтон-Острог _bНаУОА _c2014 |
||
| 300 | _a524 с. | ||
| 505 | _gТ. XLVII | ||
| 650 | 7 |
_a9 Географія. Біографії. Історія _2UDC |
|
| 942 |
_cBK _2udc |
||
| 955 | _a1 | ||
| 999 |
_c396890 _d396890 |
||